Bảo vệ bà mẹ và thai nhi khi thai nghén
Sparad:
| Huvudupphovsman: | |
|---|---|
| Materialtyp: | Bok |
| Språk: | Vietnamese |
| Publicerad: |
H.
Y học
1978
|
| Ämnen: | |
| Taggar: |
Lägg till en tagg
Inga taggar, Lägg till första taggen!
|
| Thư viện lưu trữ: | Mạng thư viện Đại học Đà Nẵng |
|---|
| LEADER | 00947nam a2200301 4500 | ||
|---|---|---|---|
| 001 | 000013629 | ||
| 003 | 9973 | ||
| 005 | 20120320090329.0 | ||
| 008 | 120320s1978 viesd | ||
| 041 | 0 | |a vie | |
| 082 | |a 618.24 |b PH-N | ||
| 100 | 0 | |a Phó, Đức Nhuận | |
| 245 | 0 | |a Bảo vệ bà mẹ và thai nhi khi thai nghén |c Phó Đức Nhuận | |
| 260 | |a H. |b Y học |c 1978 | ||
| 300 | |a 91 tr. |c 19 cm | ||
| 653 | |a bảo vệ bà mẹ | ||
| 653 | |a Thai nhi | ||
| 910 | |a duyên | ||
| OWN | |a LSP | ||
| AVA | |a UDN50 |b LSP |d 618.24 PH-N |e available |t Error 5001 Not defined in file expand_doc_bib_avail. |f 2 |g 0 |h N |i 0 |k 1 | ||
| 999 | |a From the UDN01 | ||
| AVA | |a UDN50 |b LSP |d 618.24 PH-N |e available |t Error 5001 Not defined in file expand_doc_bib_avail. |f 2 |g 0 |h N |i 0 |k 1 | ||
| TYP | |a Monograph | ||
| TYP | |a Printed language | ||
| 980 | |a Mạng thư viện Đại học Đà Nẵng | ||